[Event "IRI-ch U14"]
[Site "Chess.com INT"]
[Date "2021.01.16"]
[Round "3"]
[White "Naeimi Omran, Ashkan"]
[Black "Eftekhari Esmaeilabadi, Arsham"]
[Result "1-0"]
[WhiteElo "1061"]
[BlackElo "1323"]
[PlyCount "151"]
[EventDate "2021.01.16"]
[EventType "swiss"]
[EventRounds "11"]
[EventCountry "IRI"]
[SourceTitle "EXT 2022"]
[Source "ChessBase"]
[SourceDate "2021.10.06"]
[SourceVersion "1"]
[SourceVersionDate "2021.10.06"]
[SourceQuality "1"]

1. d4 d5 2. Nf3 e6 3. Bf4 Bd6 4. Bg3 Nf6 5. e3 c6 6. Bd3 Nbd7 7. Bxd6 Nb6 8. Be5 Na4 9. c3 Nxb2 10. Qc2 Nxd3+ 11. Qxd3 Qa5 12. Nbd2 b6 13. 0-0 Ba6 14. c4 Qa4 15. Qb3 Qa5 16. Rfc1 Nd7 17. cxd5 cxd5 18. Qc3 Qb5 19. Qc6 Qxc6 20. Rxc6 0-0 21. Rac1 f6 22. Bg3 Rfe8 23. Rc7 Nf8 24. Bd6 Ng6 25. Rd7 Rec8 26. Rxc8+ Rxc8 27. g3 Nh8 28. Rxa7 Bd3 29. Rb7 Nf7 30. Rxb6 Nxd6 31. Rxd6 Kf7 32. a4 g5 33. a5 g4 34. Nh4 Rc2 35. Nb3 Re2 36. h3 gxh3 37. Nc5 Re1+ 38. Kh2 Bf1 39. a6 Re2 40. Kg1 Re1 41. Rd7+ Ke8 42. Kh2 Re2 43. a7 Rxf2+ 44. Kg1 Ra2 45. Rxh7 h2+ 46. Kh1 Bb5 47. a8Q+ Rxa8 48. Rh8+ Kf7 49. Rxa8 e5 50. dxe5 d4 51. exd4 Bc6+ 52. Kxh2 Bxa8 53. Kh3 fxe5 54. dxe5 Kg7 55. Kg4 Bc6 56. Kf4 Kf7 57. Nf5 Ke8 58. g4 Kf7 59. g5 Kf8 60. g6 Bd5 61. Kg5 Ba2 62. Kf6 Bg8 63. g7+ Ke8 64. Nd6+ Kd8 65. e6 Kc7 66. Nf5 Kc6 67. Nd7 Kc7 68. Ke7 Kc8 69. Nh6 Bh7 70. g8Q+ Bxg8 71. Nxg8 Kc7 72. Kf7 Kd6 73. e7 Kxd7 74. e8Q+ Kd6 75. Qe6+ Kc5 76. Qd7 1-0